000 00383nam a2200169Ia 4500
008 220531s9999 xx 000 0 und d
041 _aeng
082 _bTIL
100 _aTilak, Raghukul
_937976
245 _aKanthapura
260 _bRama
_c1995
300 _a151
542 _d28-11-1997
650 _aEnglish
_937977
906 _d1997-1998
_f5583
999 _c23042
_d23042